Statistics for Mean by Taylor Swift Lyrics

Click here to take the quiz!

General Stats

  • This quiz has been taken 923 times
  • The average score is 36 of 47

Answer Stats

HintAnswer% Correct
That you use againstme
99%
You, with your words likeknives
95%
And all your ever gonna be ismean
95%
All you are ismean
95%
And mean. And mean. And mean Andmean
95%
And all your ever gonna be ismean
95%
Why you gotta be somean
95%
And all your ever gonna be ismean
95%
But all you are ismean
95%
Someday, I'll be, living in a bigold city
91%
You, with your voice like nails on achalkboard
89%
Got me feeling like I'mnothing
89%
Someday, I'll be, big enough so you can'thit me
87%
You, have knocked me off myfeet again
85%
But you don't know what youdon't know
84%
You, picking on theweaker man
82%
And yourweapons
82%
Drunk and grumbling on about how I can'tsing
81%
You, have pointed out myflaws again
80%
And aliar
80%
And yourswords
80%
But nobody'slistening
79%
Andpathetic
78%
Cause you can't lead me down thatroad
77%
Calling me out when I'mwounded
77%
As if I don'talready see them
76%
Talking over afootball game
76%
Someday, I'll be,living in abig old city
75%
And I can see you years from now in abar
74%
You can take me down with justone single blow
73%
But the cycle endsright now
73%
And you don't know whatyou don't know
73%
And alonein life
72%
With that same big loudopinion
72%
And all your ever gonna beis mean
71%
Why you gotta beso mean?
71%
I walk withmy head down
70%
I, just wanna feelokay again
68%
Someday, I'll be, Big enough soyou can't hit me
68%
I bet you gotpushed around
65%
And yourhumiliation
63%
Cause I'll neverimpress you
62%
Somebody made youcold
58%
Trying toblock you out
53%
You, with yourswitching sides
53%
And yourwild fire lies
47%
Washed up and ranting about the sameold bitter things
45%

Score Distribution

Percentile by Number Answered

Percent of People with Each Score

Your Score History

You have not taken this quiz